000 004550000a22001690004500
090 _aAR
_b00221
245 1 0 _aSchwarze reptilien aus dem tessin
650 1 4 _aReptiles
_992767
650 1 4 _aFauna
_992594
650 1 4 _aHerpetologĂ­a
_98027
653 _gOphisaurus
_Ophisaurus apodus
653 _gLacerta
_Lacerta vivipara
041 0 _aAlemán
100 1 _aMertens, Robert
_993053
942 _cARTICULO
773 1 _tNatur und Volk
_395
_h2
_q64-67
_d1960
_g90
999 _c9321
_d9321